Normal view
MARC view
- ادارة المشاريع-التفكير- التدريب- التنمية الادارية-التخطيط الاستراتيجي-ادارة الاعمال
Entry Topical Term
001 - CONTROL NUMBER
- control field: 59590
003 - CONTROL NUMBER IDENTIFIER
- control field: JO-AjAnu
005 - DATE AND TIME OF LATEST TRANSACTION
- control field: 20230606083737.0
008 - FIXED-LENGTH DATA ELEMENTS
- fixed length control field: 230606|| aca||aabn | a|a d
040 ## - CATALOGING SOURCE
- Original cataloging agency: JO-AjAnu
- Transcribing agency: JO-AjAnu
150 ## - HEADING--TOPICAL TERM
- Topical term or geographic name entry element: ادارة المشاريع-التفكير- التدريب- التنمية الادارية-التخطيط الاستراتيجي-ادارة الاعمال
670 ## - SOURCE DATA FOUND
- Source citation: Work cat.: (JO-AjAnu)30391: الحنيطي، هيثم خلف, author 59589, مبادىء ريادة الاعمال ما بين النظرية والتطبيق=Principles of Entrepreneurship Theory and Practice